|
|
|
|
| LEADER |
00000nam0a2200000 4500 |
| 001 |
290622 |
| 005 |
20231102000315.0 |
| 035 |
|
|
|a (RuTPU)RU\TPU\book\315176
|
| 090 |
|
|
|a 290622
|
| 100 |
|
|
|a 20150407d1983 k y0rusy50 ca
|
| 101 |
0 |
|
|a rus
|
| 102 |
|
|
|a RU
|
| 105 |
|
|
|a a z 001zy
|
| 200 |
1 |
|
|a Позднепермский этап эволюции органического мира. Джульфинский и дорашамский ярусы СССР
|f Г. В. Котляр [и др.]
|g Академия наук СССР (АН СССР), Дальневосточный научный центр (ДНЦ), Биолого-почвенный институт (БПИ) ; под ред. М. Н. Грамма ; К. О. Ростовцева
|
| 210 |
|
|
|a Ленинград
|c Наука
|d 1983
|
| 215 |
|
|
|a 199 с.
|c ил.
|
| 320 |
|
|
|a Библиогр.: с. 158-171
|
| 606 |
|
|
|a Биостратиграфия
|2 stltpush
|3 (RuTPU)RU\TPU\subj\64571
|9 81419
|
| 610 |
1 |
|
|a Закавказье
|
| 610 |
1 |
|
|a изучение
|
| 610 |
1 |
|
|a фауна
|
| 610 |
1 |
|
|a Северный Кавказ
|
| 610 |
1 |
|
|a анализ
|
| 610 |
1 |
|
|a Памир
|
| 610 |
1 |
|
|a Южное Приморье
|
| 610 |
1 |
|
|a верхнепермские отложения
|
| 610 |
1 |
|
|a корреляция
|
| 610 |
1 |
|
|a развитие
|
| 610 |
1 |
|
|a беспозвоночные
|
| 610 |
1 |
|
|a фораминиферы
|
| 610 |
1 |
|
|a тетракораллы
|
| 610 |
1 |
|
|a брахиоподы
|
| 610 |
1 |
|
|a аммоноидеи
|
| 675 |
|
|
|a 551.7
|v 3
|
| 701 |
|
1 |
|a Котляр
|b Г. В.
|g Галина Васильевна
|
| 701 |
|
1 |
|a Захаров
|b Ю. Д.
|g Юрий Дмитриевич
|
| 701 |
|
1 |
|a Кочиркевич
|b Б. В.
|g Богдан Васильевич
|
| 701 |
|
1 |
|a Кропачева
|b Г. С.
|g Галина Сергеевна
|
| 702 |
|
1 |
|a Грамм
|b М. Н.
|4 340
|
| 702 |
|
1 |
|a Ростовцев
|b К. О.
|4 340
|
| 712 |
0 |
2 |
|a Академия наук СССР (АН СССР)
|b Дальневосточный научный центр (ДНЦ)
|b Биолого-почвенный институт (БПИ)
|c (Владивосток)
|2 stltpush
|3 (RuTPU)RU\TPU\col\15707
|
| 801 |
|
1 |
|a RU
|b 63413507
|c 20150407
|
| 801 |
|
2 |
|a RU
|b 63413507
|c 20181210
|g RCR
|
| 942 |
|
|
|c BK
|